Kozinský mlyn

Bibliographic Details
Main Author: Jégé, 1866-1940 (Author)
Other Authors: Petrík, Vladimír, 1929-2017 (Compiler, Author of afterword, colophon, etc.), Grečner, Dušan, 1944-2015 (Illustrator)
Format: Book
Language:Slovak
PhysicalDescription:424 strán ilustrácie 21 cm
Published: Bratislava Tatran 1982
Edition:1. vyd.
Series:Slovenská tvorba
Spisy
Subjects:

MARC

LEADER 00000cam a2200000 a 4500
001 vtls001090562
003 SK-MaSNL
005 20260301043313.0
008 240226s1982 xo a grn 000 j slo
015 |a SNBA1983/02 
020 |q (viazané) 
035 |a SNK000033404 
040 |a SNK  |b slo  |c SNK  |e AACR2 
041 0 |a slo 
044 |a xo  |c SK 
072 7 |a 821.162.4-3  |x Slovenská próza  |2 konspekt 
080 |a 821.162.4-32  |2 2011 
100 0 |a Jégé,  |d 1866-1940  |4 aut  |9 100217 
245 1 0 |a Kozinský mlyn  |c Ladislav Nádaši Jégé ; [zostavil, textologicky pripravil, poznámky a doslov napísal Vladimír Petrík ; ilustroval Dušan Grečner] 
250 |a 1. vyd. 
260 |a Bratislava  |b Tatran  |c 1982  |e Žilina  |f Pravda 
300 |a 424 strán  |b ilustrácie  |c 21 cm 
366 |e 2500 výtl. 
490 1 |a Slovenská tvorba  |v zv. 85 
490 1 |a Spisy  |v 7 
504 |a Obsahuje bibliografické odkazy 
655 7 |a slovenské poviedky  |2 SNKPH  |9 70226 
655 7 |a slovenské novely  |2 SNKPH  |9 70570 
655 7 |a Slovak stories  |2 SNKPHeng  |9 277112 
655 7 |a Slovak novellas  |2 SNKPHeng  |9 286713 
700 1 |a Petrík, Vladimír,  |d 1929-2017  |4 com  |4 aft  |9 171168 
700 1 |a Grečner, Dušan,  |d 1944-2015  |4 ill  |9 162271 
830 0 |a Slovenská tvorba  |9 277027 
830 0 |a Spisy  |9 317976 
954 |a beletria pôvodná (slovenská)  |2 lita 
958 |a LX 
958 |a OND 
958 |a PETRIKAev/1982_PETRIKAkd/1982_PETRIKAep/1982 
958 |a NB 
999 |c 593239  |d 595169 
952 |a SNK  |b SNK  |y PREZ  |7 0  |p 17A0895078  |o snkSC 57305  |i snkKSP 334/83  |0 0  |1 0  |4 0  |d 2022-12-07  |f 1  |l 0  |r 2025-06-02 00:00:00  |w 2026-02-23